|
|
|
|
| LEADER |
00000nab a2200000 a 4500 |
| 001 |
vtls000209721 |
| 003 |
SK-MaSNL |
| 005 |
20260303233134.0 |
| 008 |
111130c1985 xo 0 slo |
| 015 |
|
|
|a SNBRB19rr/mm-uuuuu
|
| 035 |
|
|
|a CL0219834
|
| 040 |
|
|
|a SNKBUCL
|b slo
|c SNKBUCL
|e AACR2
|
| 041 |
0 |
|
|a slo
|
| 044 |
|
|
|a xo
|c SK
|
| 080 |
|
|
|a 629.12
|2 1981
|
| 100 |
1 |
|
|a Fajth, Karol,
|d 1955-
|4 aut
|9 245882
|
| 245 |
1 |
0 |
|a Vietor v plachtách
|b Od Princezny Elizabety po Amur
|c Karol Fajth
|
| 300 |
|
|
|b Obr. 6.
|
| 610 |
2 |
7 |
|a Závody ťažkého strojárstva (Komárno, Slovensko)
|2 snkbucl
|9 35785
|
| 650 |
0 |
7 |
|a lode
|2 snkbucl
|9 28713
|
| 651 |
|
7 |
|a 5204
|2 snkbucl
|9 376683
|
| 655 |
|
7 |
|a články z novín a časopisov
|2 snkbucl
|9 267496
|
| 773 |
0 |
|
|t Slovensko
|g Roč. 9, č. 2 (1985), s. 3-5
|
| 850 |
|
|
|a Slovenská národná knižnica v Martine
|a MTA001
|
| 852 |
|
|
|a SNK
|b KIS3GCP
|
| 958 |
|
|
|a RK
|
| 992 |
|
|
|a RBX
|
| 999 |
|
|
|c 2513621
|d 2515551
|